[Event "26th Chicago Open 2017"]
[Site "Chicago USA"]
[Date "2017.05.28"]
[Round "7.41"]
[White "Lapan,Dan"]
[Black "Ulrich,Rachel J"]
[Result "1-0"]
[WhiteElo "2194"]
[BlackElo "2073"]
[EventType "swiss"]

1.e4 c5 2.g3 d5 3.exd5 Qxd5 4.Nf3 Bg4 5.Bg2 Nc6 6.h3 Qe6+ 7.Kf1 Bh5 8.Nc3 Nf6
9.d3 Qd7 10.g4 Bg6 11.Bf4 e6 12.Ne5 Nxe5 13.Bxe5 Bd6 14.Bxf6 gxf6 15.Qf3 Be5
16.Ne4 Bxe4 17.Qxe4 h5 18.Ke2 O-O-O 19.Qc4 Qc7 20.c3 Bf4 21.Bf3 hxg4 22.hxg4
Qe5+ 23.Qe4 Bh2 24.Kf1 Qxe4 25.Bxe4 Rh4 26.Ke2 Rdh8 27.Bf3 Kc7 28.a4 Bf4
29.Rhf1 Rh2 30.a5 Rb8 31.Ra4 Bd6 32.d4 Rc8 33.dxc5 Bxc5 34.Rc4 Kb8 35.b4 Bd6
36.Rxc8+ Kxc8 37.Be4 Rh3 38.f3 Rh2+ 39.Kd3 Kc7 40.Kc4 a6 41.Rd1 Bf4 42.Rb1 Ra2
43.Kb3 Re2 44.Kc4 Ra2 45.Rd1 Rd2 46.Rf1 Rb2 47.Bh7 Kd6 48.Rd1+ Rd2 49.Rb1 Ra2
50.Rb3 Rh2 51.Be4 Kc7 52.b5 Ra2 53.bxa6 bxa6 54.Rb7+ Kd8 55.Rxf7 Be5 56.f4
Bxf4 57.Rxf6 Ra4+ 58.Kd3 Be5 59.Rxe6 Rxa5 60.Bb7 Rc5 61.c4 a5 62.Bd5 Bb2
63.Rb6 Bc1 64.Ra6 Bb2 65.g5 Ke7 66.g6 Kf8 67.Ke4 Bc3 68.Ra7 {#r} 1-0

[Event "4th Gligoric Cup 2017"]
[Site "Novi Banovci SRB"]
[Date "2017.05.25"]
[Round "1.2"]
[White "Scepanovic,L"]
[Black "Antic,De"]
[Result "0-1"]
[WhiteElo "2161"]
[BlackElo "2445"]

1.e4 c5 2.d3 Nc6 3.Nf3 g6 4.c3 Nf6 5.Be2 Bg7 6.O-O O-O 7.b3 d5 8.Nbd2 Nh5
9.Bb2 Nf4 10.a3 b6 11.g3 Nxe2+ 12.Qxe2 Bg4 13.Rfe1 d4 14.Rac1 Bh6 15.Kg2 Ne5
16.cxd4 Nxf3 17.Nxf3 Bxc1 18.Rxc1 cxd4 19.Rc4 e5 20.h3 Bxf3+ 21.Qxf3 Rc8
22.Bc1 f6 23.Bh6 Rf7 24.h4 Qd7 25.h5 Rxc4 26.bxc4 g5 27.g4 Qe6 28.Qd1 f5
29.Bxg5 fxe4 30.dxe4 Rg7 31.f4 exf4 {#R} 0-1

[Event "TCh-FRA Top 12 2017"]
[Site "Chartres FRA"]
[Date "2017.05.28"]
[Round "11.1"]
[White "Cappon,J"]
[Black "Burri,Quentin"]
[Result "0-1"]
[WhiteElo "2197"]
[BlackElo "2378"]

1.e4 c5 2.d4 cxd4 3.c3 dxc3 4.Nxc3 Nc6 5.Nf3 d6 6.Bc4 e6 7.O-O Be7 8.Qe2 Nf6
9.Rd1 e5 10.h3 O-O 11.b4 Be6 12.a3 Rc8 13.Nd5 Bxd5 14.exd5 Nb8 15.Be3 a6 16.g4
Nbd7 17.a4 Ne4 18.Rdc1 Ng5 19.Bxg5 Bxg5 20.Rc2 Bf4 21.Raa2 a5 22.bxa5 Qxa5
23.Bb5 Nc5 24.Rcb2 f5 25.Rc2 Qd8 26.Ne1 fxg4 27.Qxg4 Rf6 28.Bd3 Rc7 29.Kh1 e4
30.Rxc5 Rxc5 31.Bxe4 Rc1 32.Re2 Qa5 33.Bxh7+ Kxh7 34.Qh5+ Bh6 {#R} 0-1

[Event "Mateu Chalmeta Mem 2017"]
[Site "Sant Boi ESP"]
[Date "2017.05.26"]
[Round "6.4"]
[White "Morros Faura,R"]
[Black "Ros Alonso,Jaume"]
[Result "1-0"]
[WhiteElo "2256"]
[BlackElo "2211"]

1.e4 c5 2.d4 cxd4 3.c3 Nf6 4.e5 Nd5 5.Bc4 Nb6 6.Bb3 e6 7.cxd4 d6 8.Nf3 dxe5
9.Nxe5 Nc6 10.Nxc6 bxc6 11.O-O Be7 12.Nc3 O-O 13.Bf4 Ba6 14.Re1 Bc4 15.Bc2 Nd5
16.Be5 Bf6 17.Ne4 Bxe5 18.dxe5 Nb4 19.Nf6+ Kh8 20.Qh5 h6 21.Rad1 Qa5 22.Ng4
Nxc2 23.Nxh6 g6 24.Nxf7+ Kg7 25.Qh6+ Kxf7 26.Qh7+ Ke8 27.Qd7# 1-0

[Event "TCh-FRA Top 12 2017"]
[Site "Chartres FRA"]
[Date "2017.05.23"]
[Round "6.3"]
[White "Leconte,M"]
[Black "Maisuradze,N"]
[Result "1-0"]
[WhiteElo "2174"]
[BlackElo "2260"]

1.e4 c5 2.Nf3 e6 3.c3 d5 4.exd5 Qxd5 5.d4 Nf6 6.Be3 cxd4 7.cxd4 Nc6 8.Nc3 Qd6
9.a3 Be7 10.Bd3 O-O 11.O-O b6 12.Qe2 Bb7 13.Rad1 Rac8 14.Rfe1 Rfd8 15.Bg5 Qb8
16.Bb1 a6 17.d5 exd5 18.Bxf6 Bxf6 19.Nxd5 Qd6 20.Nxf6+ Qxf6 21.Rxd8+ Qxd8
22.Ng5 g6 23.h4 Nd4 24.Qg4 h5 25.Qf4 f5 26.Ba2+ Bd5 27.Re8+ Qxe8 28.Bxd5+ Kf8
29.Qxd4 Qe1+ 30.Kh2 Ke7 31.Nf3 Qc1 32.Qe5+ Kf8 33.Qf6+ Ke8 34.Bf7+ Kd7 35.Be6+
Kc7 36.Qe5+ {#r} 1-0

[Event "TCh-FRA Top 12 2017"]
[Site "Chartres FRA"]
[Date "2017.05.23"]
[Round "6.5"]
[White "Rozentalis,E"]
[Black "Hamitevici,V"]
[Result "0-1"]
[WhiteElo "2535"]
[BlackElo "2487"]

1.e4 c5 2.Nf3 e6 3.c3 d5 4.exd5 Qxd5 5.d4 Nf6 6.Bd3 Be7 7.O-O O-O 8.Qe2 cxd4
9.cxd4 Nc6 10.Rd1 Nb4 11.Nc3 Qh5 12.Bc4 Nbd5 13.Bg5 h6 14.Bxf6 Nxc3 15.bxc3
Bxf6 16.Rab1 Bd7 17.Bb5 Rad8 18.Bxd7 Rxd7 19.Rb5 Qg4 20.Qe3 Rc8 21.h3 Qg6
22.Rd3 a6 23.Ne5 Bxe5 24.Rxe5 b5 25.Qd2 Rc4 26.Rg3 Qf6 27.Qe2 Qf4 28.Ree3 Rd5
29.Rg4 Qc7 30.Reg3 Rg5 31.Rxg5 hxg5 32.d5 Qd6 33.dxe6 Qxe6 34.Qd2 f6 35.Re3
Re4 36.Rxe4 Qxe4 37.f3 Qb1+ 38.Kf2 Kh7 39.Kg3 Kg6 40.Qe2 Kh6 41.Qd2 Kh7 42.f4
gxf4+ 43.Kxf4 g5+ 44.Ke3 Kh6 45.Kf2 Qf5+ 46.Kg1 Qc5+ 47.Kh2 Qc4 48.g4 a5 49.a3
Qc7+ 50.Kg2 Qb7+ 51.Kh2 Qe7 52.Qb2 Qe5+ 53.Kg2 Qd5+ 54.Kg1 Kg7 55.Qf2 Kg6
56.Qc2+ Kf7 57.Qb2 Qd3 58.Kh2 Ke6 59.Qa2+ Qd5 60.Qb2 Qe5+ 61.Kg2 Qe4+ 62.Kf2
Qc4 63.Qc1 Qd3 64.Qb2 Kd5 65.Qb3+ Kc5 66.a4 Qd2+ 67.Kg1 Qe3+ 68.Kh2 Qe5+
69.Kg2 Qd5+ {#R} 0-1

[Event "TCh-FRA Top 12 2017"]
[Site "Chartres FRA"]
[Date "2017.05.24"]
[Round "7.5"]
[White "Jobava,Ba"]
[Black "Stephan,V"]
[Result "1-0"]
[WhiteElo "2713"]
[BlackElo "2365"]

1.e4 c5 2.c3 Nf6 3.e5 Nd5 4.Nf3 Nc6 5.Na3 d6 6.exd6 e6 7.g3 Bxd6 8.Bg2 O-O
9.O-O b6 10.d3 Bb7 11.Re1 Qd7 12.Nc4 Bc7 13.a4 Rad8 14.Qb3 Ba6 15.Bg5 f6
16.Be3 e5 17.a5 Bxc4 18.Qxc4 Nxa5 19.Rxa5 bxa5 20.Bxc5 Rfe8 21.Bxa7 Kh8 22.Nh4
g5 23.Nf5 Bb6 24.Bxd5 Bxa7 25.Be4 Bb6 26.Kg2 Qc7 27.Bc6 Rxd3 28.Qxd3 Qxc6+
29.Qe4 Qxe4+ 30.Rxe4 Rd8 31.Rc4 Rd2 32.Rc8+ Bd8 33.c4 Kg8 34.Ne7+ Kf7 35.Nd5
Ke8 36.Nxf6+ Ke7 37.Nd5+ Kd7 38.Rb8 Rc2 39.b3 Rb2 40.Rb5 Kc6 41.g4 Rc2 42.h3
Rb2 43.Nc3 h6 44.Kf3 Rc2 45.Ne4 Rb2 46.Nc5 Bc7 47.Nd3 Rb1 48.Ke4 Rh1 49.Nxe5+
Bxe5 50.Rxe5 Rxh3 51.Rxa5 Rxb3 52.Ra6+ Kc5 53.Rxh6 Rc3 54.Rf6 {#r} 1-0

[Event "TCh-FRA Top 12 2017"]
[Site "Chartres FRA"]
[Date "2017.05.28"]
[Round "11.5"]
[White "Stevic,H"]
[Black "Sebag,M"]
[Result "1-0"]
[WhiteElo "2600"]
[BlackElo "2488"]

1.e4 c5 2.c3 d5 3.exd5 Qxd5 4.d4 Nc6 5.Nf3 Bf5 6.Be3 Nf6 7.Na3 e6 8.Qa4 a6
9.Bc4 Qd7 10.dxc5 Ne4 11.Rd1 Qc8 12.Nh4 Nxc5 13.Bxc5 Bxc5 14.Nxf5 exf5 15.Bd5
O-O 16.O-O b5 17.Qf4 Ra7 18.Nc2 g6 19.b4 Be7 20.Qe3 f4 21.Qxf4 Qc7 22.Qe4 Ne5
23.Ne3 Bf6 24.Bb3 Kg7 25.Nd5 Qc6 26.Rfe1 Nd7 27.Nxf6 Qxf6 28.Qe7 Qc6 29.Re3
Qc7 30.Rd6 Nb8 31.Qf6+ Kg8 32.h4 Nd7 33.Qd4 Nb8 34.h5 Nc6 35.Rxc6 {#r} 1-0

[Event "36th Zalakaros Open 2017"]
[Site "Zalakaros HUN"]
[Date "2017.05.23"]
[Round "6.41"]
[White "Lazarne Vajda,Szidonia"]
[Black "Szabo,Marton Mihaly"]
[Result "1-0"]
[WhiteElo "2357"]
[BlackElo "2298"]

1.e4 c5 2.Nf3 e6 3.c3 d5 4.exd5 Qxd5 5.d4 Nf6 6.Bd3 Be7 7.O-O O-O 8.Be3 cxd4
9.cxd4 b6 10.Nc3 Qd8 11.Qe2 Bb7 12.Rad1 Nc6 13.a3 Rc8 14.Bb1 Qc7 15.Bg5 g6
16.h3 Nd5 17.Nxd5 exd5 18.Bh6 Rfe8 19.Rfe1 Qd7 20.Qd2 Bf6 21.Qf4 Bg7 22.h4
Rxe1+ 23.Rxe1 Re8 24.Rxe8+ Qxe8 25.Bxg7 Kxg7 26.h5 h6 27.hxg6 fxg6 28.Qd6 Qf7
29.Ba2 Ne7 30.Ne5 Qf6 31.Qc7 Bc8 32.Bxd5 Be6 33.Bxe6 Qxe6 34.d5 Qf6 35.Nc6 Kf8
36.Qb8+ Kf7 37.Qxa7 Qd6 38.Kf1 Qc5 39.Qxe7+ Qxe7 40.Nxe7 Kxe7 41.Ke2 Kd6
42.Kd3 Kxd5 43.a4 h5 44.b4 g5 45.a5 bxa5 46.bxa5 h4 47.f3 {#r} 1-0

[Event "14th Orlova Open 2017"]
[Site "Orlova CZE"]
[Date "2017.05.26"]
[Round "7.5"]
[White "Bakalarz,M"]
[Black "Sikora,Matous"]
[Result "1-0"]
[WhiteElo "2288"]
[BlackElo "2008"]

1.e4 c5 2.c3 Nf6 3.e5 Nd5 4.d4 cxd4 5.Nf3 Nc6 6.Bc4 Nb6 7.Bb3 d5 8.exd6 Qxd6
9.O-O g6 10.Ng5 e6 11.Qf3 Qe7 12.Bf4 Bg7 13.Ne4 O-O 14.Bd6 Qd8 15.Bxf8 Qxf8
16.Nf6+ Kh8 17.Nd2 Qe7 18.Nde4 Nd7 19.Nxd7 Bxd7 20.Rfe1 f5 21.Nd2 e5 22.Qd5
dxc3 23.bxc3 e4 24.Nxe4 fxe4 25.Rxe4 Nb4 26.Qxb7 {#r} 1-0

[Event "Bodensee Open 2017"]
[Site "Bregenz AUT"]
[Date "2017.05.24"]
[Round "5.9"]
[White "Kuijf,R"]
[Black "Kranzl,Julian"]
[Result "1-0"]
[WhiteElo "2368"]
[BlackElo "2129"]

1.e4 c5 2.c3 Nf6 3.e5 Nd5 4.Nf3 d6 5.exd6 e6 6.d4 cxd4 7.cxd4 Bxd6 8.Nc3 Nxc3
9.bxc3 Qc7 10.Bd2 Nd7 11.Bd3 O-O 12.O-O b6 13.Qc2 h6 14.Bh7+ Kh8 15.Be4 Bb7
16.Rfe1 Rfe8 17.Bxb7 Qxb7 18.Re4 e5 19.Rh4 Bf8 20.Qf5 exd4 21.Bxh6 gxh6 22.Ng5
Nf6 23.Qxf6+ Kg8 24.Rg4 {#r} 1-0

[Event "Deltalift Open 2017"]
[Site "Tylosand SWE"]
[Date "2017.05.25"]
[Round "2.5"]
[White "Harren,M"]
[Black "Westerberg,J"]
[Result "0-1"]
[WhiteElo "2090"]
[BlackElo "2460"]

1.e4 c5 2.c3 Nf6 3.e5 Nd5 4.d4 cxd4 5.Bc4 Nb6 6.Bb3 d6 7.exd6 Qxd6 8.cxd4 Be6
9.Nf3 Bxb3 10.Qxb3 Nc6 11.O-O e6 12.Nc3 Be7 13.Rd1 Nb4 14.a3 N4d5 15.Ne4 Qc7
16.Qb5+ Qd7 17.Qe2 O-O 18.Ne5 Qc7 19.Bd2 Rad8 20.Rac1 Qb8 21.Ba5 Bd6 22.Nc5
Bc7 23.h3 Nf6 24.Bd2 Rxd4 25.Nf3 Rd5 26.Bg5 Rxd1+ 27.Rxd1 Nbd5 28.Bh4 Re8
29.Qc4 Bb6 30.Na4 Rc8 31.Qe2 Bc7 32.Nd4 Be5 33.Nf3 Bf4 34.Qe1 b5 35.Bxf6 Nxf6
36.Nc3 a6 37.Ne4 Nd5 38.b4 Bd6 39.Nfg5 Be7 40.Nf3 h6 41.Rd3 Rc4 42.Nc5 Bxc5
43.bxc5 Rxc5 44.Ne5 Qc7 45.Rd1 Nc3 46.Rd2 Rxe5 {#R} 0-1

[Event "4th Gligoric Cup 2017"]
[Site "Novi Banovci SRB"]
[Date "2017.05.26"]
[Round "2.7"]
[White "Tomic,V"]
[Black "Labus,V"]
[Result "0-1"]
[WhiteElo "2213"]
[BlackElo "2072"]

1.e4 c5 2.Nf3 Nc6 3.c3 Nf6 4.e5 Nd5 5.Bc4 Nb6 6.Bb5 a6 7.Bxc6 bxc6 8.O-O d5
9.exd6 exd6 10.Re1+ Be7 11.Qe2 Be6 12.d4 c4 13.Nbd2 O-O 14.b3 d5 15.Ne5 Bd6
16.bxc4 Nxc4 17.Ndxc4 dxc4 18.Nxc4 Bc7 19.Ne5 Re8 20.Bf4 Bd5 21.c4 Bxe5
22.dxe5 Be6 23.Red1 Qh4 24.g3 Qh3 25.Rd6 Rac8 26.Rad1 Bg4 27.f3 Be6 28.Kh1 f6
29.exf6 Bd5 30.Qd3 Bf7 31.fxg7 Bg6 32.Qd2 Bh5 33.Qd3 Bg6 34.Qc3 Re2 35.Rd8+
Be8 {#R} 0-1

[Event "4th Gligoric Cup 2017"]
[Site "Novi Banovci SRB"]
[Date "2017.05.27"]
[Round "3.7"]
[White "Bjelanovic,Mile"]
[Black "Ugrcic,Z"]
[Result "1-0"]
[WhiteElo "2020"]
[BlackElo "2008"]

1.e4 c5 2.c3 d5 3.exd5 Qxd5 4.d4 e6 5.Nf3 Nf6 6.Be2 Be7 7.O-O O-O 8.b3 Nc6
9.c4 Qd7 10.Bb2 Nxd4 11.Nxd4 cxd4 12.Qxd4 b6 13.Bf3 Rb8 14.Qf4 Bb7 15.Be5 Rbd8
16.Bc7 Rc8 17.Be5 Bxf3 18.Qxf3 Rfd8 19.Nc3 Qd3 20.Qf4 Nd7 21.Rad1 Qg6 22.Bc7
e5 23.Bxe5 Nxe5 24.Qxe5 Bf6 25.Rxd8+ Rxd8 26.Qc7 Qg5 27.Nd5 h5 28.Nxf6+ Qxf6
29.Qxa7 h4 30.h3 Rd2 31.Qa8+ Kh7 32.Qe4+ g6 33.a4 Kg7 34.f4 Qd4+ 35.Qxd4+ Rxd4
36.Rc1 Rd3 37.b4 Ra3 38.c5 bxc5 39.bxc5 Rxa4 40.c6 Ra8 41.c7 Rc8 42.Kf2 Kf8
43.Kf3 f5 44.Rc6 Ke7 45.Rxg6 Rxc7 46.Rg7+ Kd6 47.Rxc7 Kxc7 48.g4 hxg3 49.Kxg3
{#r} 1-0

[Event "4th Gligoric Cup 2017"]
[Site "Novi Banovci SRB"]
[Date "2017.05.28"]
[Round "5.5"]
[White "Skoko,Mil"]
[Black "Cica,Dr"]
[Result "0-1"]
[WhiteElo "2174"]
[BlackElo "2116"]

1.e4 c5 2.c3 Nf6 3.e5 Nd5 4.d4 cxd4 5.Nf3 Nc6 6.cxd4 d6 7.Nc3 e6 8.Bd3 dxe5
9.dxe5 Bb4 10.Bd2 Nxc3 11.Bxc3 Bxc3+ 12.bxc3 Qa5 13.O-O O-O 14.Bxh7+ Kxh7
15.Ng5+ Kg6 16.Qg4 f5 17.Qh4 Nxe5 18.Rae1 Bd7 19.Nh3 Rh8 20.Qe7 Rxh3 21.Rxe5
Qxc3 22.Qxd7 Qxe5 23.gxh3 Qd5 24.Qe7 Qe4 25.Rc1 Rh8 26.Rc7 Qe5 27.h4 Rxh4
28.Qxh4 Qxc7 29.Qa4 Qc1+ 30.Kg2 Qc6+ {#R} 0-1

[Event "TCh-FRA Top 12 2017"]
[Site "Chartres FRA"]
[Date "2017.05.26"]
[Round "9.4"]
[White "Brochet,P"]
[Black "Miton,K"]
[Result "0-1"]
[WhiteElo "2409"]
[BlackElo "2618"]

1.e4 c5 2.Nc3 Nc6 3.Bb5 Nd4 4.Nf3 a6 5.Bd3 e6 6.O-O d6 7.Re1 g5 8.b3 Bg7 9.Bb2
h6 10.Qc1 Ne7 11.Nd1 e5 12.Ne3 Ng6 {#R} 0-1

[Event "36th Zalakaros Open 2017"]
[Site "Zalakaros HUN"]
[Date "2017.05.26"]
[Round "9.22"]
[White "Puranik,A"]
[Black "Hemant,S2"]
[Result "1-0"]
[WhiteElo "2459"]
[BlackElo "2380"]

1.e4 c5 2.Nc3 g6 3.d4 Bg7 4.dxc5 Qa5 5.Bd2 Qxc5 6.Nd5 Na6 7.Be3 Qa5+ 8.c3 Nf6
9.Bd4 O-O 10.Nxe7+ Kh8 11.Qf3 Nh5 12.Bxg7+ Nxg7 13.Bxa6 bxa6 14.Nxc8 Rfxc8
15.Ne2 Rab8 16.b4 Qe5 17.O-O Rc4 18.Qxf7 Qxe4 19.Rfe1 Qe6 20.Qxe6 Nxe6 21.Rad1
Rb7 22.Rd5 Kg7 23.Red1 Rcc7 24.a4 Kf6 25.f4 Rc4 26.g3 Ke7 27.Kf2 Rbc7 28.h4
Rb7 29.h5 Rc8 30.hxg6 hxg6 31.Rh1 Rf8 32.Ke3 Rf5 33.Rh7+ Ke8 34.Rd6 Nf8 35.Rh6
Rb6 36.Rxb6 axb6 37.g4 Rf6 38.Nd4 Kf7 39.g5 Rd6 40.Ke4 b5 41.a5 Kg7 42.Ke5 Rf6
43.gxf6+ Kxh6 44.Nxb5 {#r} 1-0

[Event "Guillermo Garcia Premier 2"]
[Site "Santa Clara CUB"]
[Date "2017.05.24"]
[Round "8.1"]
[White "Pazos Gambarrotti,P"]
[Black "Quesada Perez,Luis Ernesto"]
[Result "0-1"]
[WhiteElo "2244"]
[BlackElo "2402"]

1.e4 c5 2.Nc3 a6 3.g3 b5 4.Bg2 Bb7 5.d3 e6 6.f4 Nf6 7.Nf3 b4 8.Ne2 d5 9.e5
Nfd7 10.d4 Nc6 11.c3 g6 12.O-O Qb6 13.Rf2 a5 14.g4 cxd4 15.cxd4 h5 16.h3 hxg4
17.hxg4 Ba6 18.Be3 Be7 19.Qd2 O-O-O 20.Bf1 Kb7 21.Rc1 a4 22.Rh2 Na5 23.Rxh8
Rxh8 24.Ng3 Bxf1 25.Nxf1 b3 26.Qd1 Rc8 27.Rxc8 Kxc8 28.axb3 Qxb3 29.Qxb3 Nxb3
30.N1d2 Na5 31.Kf2 Nc4 32.Nxc4 dxc4 33.Nd2 Nb6 34.Ne4 Nd5 35.Bd2 Kd7 36.Kf3 a3
37.bxa3 Bxa3 38.f5 exf5 39.gxf5 gxf5 40.Nc3 Nxc3 41.Bxc3 Ke6 {#R} 0-1

[Event "14th Orlova Open 2017"]
[Site "Orlova CZE"]
[Date "2017.05.24"]
[Round "5.1"]
[White "Zimniok,L"]
[Black "Czerw,D"]
[Result "0-1"]
[WhiteElo "2060"]
[BlackElo "2176"]

1.e4 c5 2.Nc3 Nc6 3.f4 g6 4.Nf3 Bg7 5.a3 e6 6.b4 b6 7.Rb1 Nge7 8.bxc5 bxc5
9.Be2 O-O 10.O-O d5 11.Qe1 Nd4 12.Qf2 Nec6 13.Bb2 Rb8 14.Kh1 dxe4 15.Nxe4 Rxb2
16.Rxb2 Nxe2 17.Qxe2 Bxb2 18.c3 f5 19.Nf2 c4 20.Qxc4 Qd5 21.Qa4 Bd7 22.Rb1 Rb8
23.Nd1 Qe4 24.Qxe4 fxe4 25.Rxb2 Rxb2 26.Nxb2 exf3 27.gxf3 Ne7 28.Kg2 Kf7
29.Kf2 Nd5 30.Kg3 Kf6 31.c4 Ne7 32.d3 Nf5+ 33.Kf2 Bc6 34.c5 Bd5 35.Nd1 Ke7
36.Nc3 Kd7 37.h4 Nxh4 38.Ne4 h5 39.Nd6 Kc6 40.d4 Nf5 41.Nf7 Nxd4 42.Ne5+ Kxc5
43.Nxg6 Kc4 {#R} 0-1

[Event "14th Orlova Open 2017"]
[Site "Orlova CZE"]
[Date "2017.05.28"]
[Round "9.1"]
[White "Kislinsky,A"]
[Black "Molenda,Marcin"]
[Result "0-1"]
[WhiteElo "2484"]
[BlackElo "2416"]

1.e4 c5 2.Nc3 Nc6 3.Bb5 g6 4.Bxc6 dxc6 5.d3 Bg7 6.Be3 b6 7.Qd2 e5 8.f4 exf4
9.Bxf4 Be6 10.Nf3 h6 11.h3 Ne7 12.g4 Qd7 13.O-O-O O-O-O 14.Kb1 h5 15.gxh5 Rxh5
16.Ng5 Rdh8 17.Ne2 Bf6 18.Rhg1 Rh4 19.Bg3 Bxg5 20.Qxg5 Rxh3 21.Nf4 R3h7 22.Qe5
Kb7 23.a4 Bg4 24.Rdf1 Re8 25.Qg5 Nc8 26.Ng2 Bh3 27.Rf6 Bxg2 28.Qf4 Bh3 29.a5
Be6 30.d4 cxd4 31.Rd1 Ne7 32.Qf1 c5 33.a6+ Ka8 34.c3 Qa4 35.Rxe6 fxe6 36.cxd4
cxd4 37.Rc1 Rc8 38.Bc7 Nc6 39.Bd6 Rch8 40.Qf3 e5 41.Ba3 Qb5 42.Qf6 d3 43.Rxc6
d2 44.Rd6 Rh1+ 45.Ka2 Qc4+ 46.b3 d1=Q 47.Rxd1 {#R} 0-1

[Event "Bodensee Open 2017"]
[Site "Bregenz AUT"]
[Date "2017.05.26"]
[Round "7.13"]
[White "Bharath,Subramaniyam H"]
[Black "Kranzl,Julian"]
[Result "1-0"]
[WhiteElo "2204"]
[BlackElo "2129"]

1.e4 c5 2.Nc3 a6 3.g4 b5 4.Bg2 Bb7 5.d3 e6 6.Nh3 Nc6 7.O-O d6 8.f4 Nf6 9.f5 e5
10.g5 Nd7 11.Nd5 Ne7 12.Ne3 Qc7 13.Qh5 g6 14.fxg6 fxg6 15.Qg4 Bg7 16.Bd2 Rf8
17.Qh4 Rxf1+ 18.Rxf1 Nf8 19.Ng4 Ng8 20.Nf6+ Bxf6 21.gxf6 O-O-O 22.f7 Ne7
23.Bg5 Rd7 24.Bh6 Nf5 25.exf5 Bxg2 26.Kxg2 Rxf7 27.Ng5 {#r} 1-0

[Event "Bodensee Open 2017"]
[Site "Bregenz AUT"]
[Date "2017.05.27"]
[Round "8.16"]
[White "Hofene,D"]
[Black "Balasubramaniam,H"]
[Result "0-1"]
[WhiteElo "2072"]
[BlackElo "2165"]

1.e4 c5 2.Nc3 a6 3.g3 b5 4.Bg2 Bb7 5.d3 e6 6.Be3 d6 7.Qd2 Nd7 8.Nge2 Qc7 9.O-O
Ngf6 10.h3 b4 11.Nd1 d5 12.exd5 Bxd5 13.Bf4 Qc6 14.Bxd5 Nxd5 15.d4 c4 16.c3 a5
17.Ne3 N7f6 18.Qc2 Nxe3 19.fxe3 Ne4 20.Be5 f6 21.Rf4 Ng5 22.d5 Qxd5 23.Bxf6
gxf6 24.Rd1 b3 25.axb3 cxb3 26.Qb1 Nxh3+ 27.Kh2 Qh5 28.Rh4 Qxe2+ 29.Kxh3 Qc2
30.Qa1 Be7 31.Qa4+ Kf7 32.Rf1 Qd3 33.Rff4 Qd5 34.e4 Qd1 35.Rh6 Qh1+ {#R} 0-1

[Event "Bodensee Open 2017"]
[Site "Bregenz AUT"]
[Date "2017.05.28"]
[Round "9.17"]
[White "Bharath,Subramaniyam H"]
[Black "Weidel,A"]
[Result "1-0"]
[WhiteElo "2204"]
[BlackElo "2134"]

1.e4 c5 2.Nc3 d6 3.f4 Nc6 4.Nf3 e6 5.Bb5 Bd7 6.Bxc6 Bxc6 7.d3 Nf6 8.O-O d5
9.e5 d4 10.Ne2 Nd5 11.Ng3 Be7 12.Ne4 Qc7 13.a3 h6 14.Qe1 O-O-O 15.Bd2 Nb6
16.Ba5 Bxe4 17.Qxe4 Qc6 18.Qxc6+ bxc6 19.Nd2 Kb7 20.Ne4 g6 21.b3 Ka6 22.Bd2
Rd7 23.Rf3 Nd5 24.Raf1 Kb6 25.g4 f5 26.exf6 Nxf6 27.Nxf6 Bxf6 28.Re1 Re7
29.Re4 h5 30.g5 Bg7 31.f5 gxf5 32.Rxf5 Rf8 33.Rxf8 Bxf8 34.Bf4 Re8 35.Kg2 c4
36.dxc4 Bxa3 37.Rxd4 Kb7 38.Rd7+ Kb6 39.Kg3 e5 40.Be3+ Bc5 41.Bxc5+ Kxc5 42.g6
e4 43.Kf2 Kb4 44.g7 Kc3 45.Ke3 Kxc2 46.Rf7 Rg8 47.Kxe4 Kxb3 48.Rxa7 Kxc4
49.Kf5 c5 50.Kg6 Kd3 51.Kh7 Rc8 52.g8=Q Rxg8 53.Kxg8 c4 54.Rc7 c3 55.h4 c2
56.Kg7 Kd2 57.Kg6 c1=Q 58.Rxc1 Kxc1 59.Kxh5 {#r} 1-0

[Event "26th Chicago Open 2017"]
[Site "Chicago USA"]
[Date "2017.05.26"]
[Round "3.30"]
[White "Ampie,Mauro"]
[Black "Lin,Andy"]
[Result "1-0"]
[WhiteElo "2327"]
[BlackElo "2147"]
[EventType "swiss"]

1.e4 c5 2.Nc3 d6 3.f4 g6 4.Nf3 Bg7 5.Bb5+ Bd7 6.Bc4 Nc6 7.O-O e6 8.f5 exf5
9.d3 Nge7 10.Qe1 h6 11.Nb5 Qb8 12.exf5 Bxf5 13.Bf4 Be5 14.Nxe5 dxe5 15.Be3 a6
16.Nc3 b5 17.Bb3 Nd4 18.Qf2 Qb6 19.g4 Be6 20.Qf6 Rh7 21.Qxe5 O-O-O 22.Bxe6+
Nxe6 23.Rf6 Nc6 24.Qg3 Qc7 25.Qxc7+ Kxc7 26.Raf1 Rd7 27.Ne4 Ncd4 28.R6f2 f5
29.Nf6 f4 30.Bxd4 Nxd4 31.Nxh7 Rxh7 32.Rxf4 Ne2+ 33.Kg2 Nxf4+ 34.Rxf4 Re7
35.Kf2 Re6 36.h4 Kd6 37.Rf7 Ke5 38.Kf3 Kd5 39.Kf2 c4 40.Rd7+ Kc6 41.Rh7 cxd3
42.cxd3 Rf6+ 43.Ke3 Re6+ 44.Kd2 g5 45.hxg5 hxg5 46.Rg7 Kc5 47.Rxg5+ Kd4 48.Rf5
Rh6 49.Rf4+ Ke5 50.Re4+ Kd5 51.a4 Rh3 52.axb5 axb5 53.Re3 Rh2+ 54.Re2 Rh3
55.Rg2 Kd4 56.g5 Rxd3+ 57.Kc2 Re3 58.g6 Re8 59.g7 Rg8 60.Kb3 Ke5 61.Kb4 Kf6
62.Kxb5 Kf7 63.Kc6 {#r} 1-0

[Event "4th Gligoric Cup 2017"]
[Site "Novi Banovci SRB"]
[Date "2017.05.28"]
[Round "5.4"]
[White "Ivkovic,Dragan B"]
[Black "Vratonjic,S"]
[Result "0-1"]
[WhiteElo "2039"]
[BlackElo "2414"]

1.e4 c5 2.Nc3 e6 3.f4 Nc6 4.Nf3 d5 5.Bb5 Ne7 6.d3 d4 7.Bxc6+ Nxc6 8.Ne2 f5
9.O-O Be7 10.Ng3 O-O 11.Bd2 b6 12.a3 h6 13.Qe2 Qd7 14.Rae1 a6 15.exf5 exf5
16.Ne5 Nxe5 17.fxe5 Qe6 18.Qh5 Bd7 19.Ne2 g5 20.Ng3 Rf7 21.h4 Raf8 22.hxg5
hxg5 23.Kf2 Rh7 24.Qe2 f4 {#R} 0-1

[Event "26th Chicago Open 2017"]
[Site "Chicago USA"]
[Date "2017.05.27"]
[Round "5.6"]
[White "Li,Ruifeng"]
[Black "Perez,Rob"]
[Result "1-0"]
[WhiteElo "2574"]
[BlackElo "2365"]
[EventType "swiss"]

1.e4 c5 2.Nc3 d6 3.g3 Nc6 4.Bg2 g6 5.d3 Bg7 6.Nge2 Nf6 7.h3 Nd7 8.O-O O-O
9.Be3 Nd4 10.Qd2 Rb8 11.Nc1 b5 12.Nd1 b4 13.c3 bxc3 14.bxc3 Nc6 15.Bh6 Bxh6
16.Qxh6 Qb6 17.Qd2 Ba6 18.Kh2 Bb5 19.f4 Ba4 20.Rf2 Bxd1 21.Qxd1 c4 22.d4 e5
23.Ne2 exd4 24.Nxd4 Nxd4 25.cxd4 Rfc8 26.Rc1 Rc7 27.Rfc2 Rbc8 28.Qd2 f6 29.h4
Kg7 30.Bh3 d5 31.e5 f5 32.g4 fxg4 33.Bxg4 Rf8 34.f5 gxf5 35.Bf3 f4 36.Rg1+ Kh8
37.Rg4 Qh6 38.Qb4 Nb6 39.a4 Rg8 40.Rcg2 Rxg4 41.Rxg4 Rc8 42.a5 c3 43.axb6 axb6
44.Qd6 Qxd6 45.exd6 Rd8 46.Rg2 Rxd6 47.Rc2 Rc6 48.Be2 b5 49.Bxb5 Rb6 50.Bd3
Rb4 51.Rxc3 Rxd4 52.h5 h6 53.Kh3 f3 54.Kg3 f2 55.Kxf2 Rh4 56.Bg6 Kg7 57.Rc6
Ra4 58.Ke3 d4+ 59.Ke4 d3+ 60.Kxd3 Ra7 61.Ke3 Rb7 62.Bf5 Rb5 63.Kf4 Rb4+ 64.Be4
Rb5 65.Rg6+ Kh8 66.Rxh6+ Kg7 67.Rh7+ Kg8 68.Bg6 Ra5 69.Rc7 Rb5 70.Bf5 Rb6
71.Kg5 Ra6 72.Rc8+ Kg7 73.h6+ {#r} 1-0

[Event "26th Chicago Open 2017"]
[Site "Chicago USA"]
[Date "2017.05.26"]
[Round "2.16"]
[White "Vibbert,Sean"]
[Black "Troff,Kayden W"]
[Result "0-1"]
[WhiteElo "2316"]
[BlackElo "2482"]
[EventType "swiss"]

1.e4 c5 2.Nc3 d6 3.g3 Nc6 4.Bg2 g6 5.d3 Bg7 6.Be3 e5 7.f4 Nge7 8.Nf3 exf4
9.Bxf4 O-O 10.O-O h6 11.h4 Be6 12.Nb5 Ne5 13.Qd2 Kh7 14.Nxe5 dxe5 15.Be3 c4
16.d4 exd4 17.Nxd4 Qd6 18.Ne2 Qxd2 19.Bxd2 Nc6 20.Bc3 Rad8 21.Bxg7 Kxg7 22.Nf4
Rd2 23.Rf2 Rfd8 24.Nd5 Rxf2 25.Kxf2 Rd6 26.c3 f5 27.Nf4 Ne5 28.Ke3 Ng4+ 29.Ke2
g5 30.hxg5 hxg5 31.Nxe6+ Rxe6 32.Rd1 Nf6 33.Rd4 b5 34.a4 a6 35.axb5 axb5
36.Ke3 Kg6 37.Bf3 fxe4 38.Be2 Kf5 39.Bd1 Ra6 40.Rd8 Ra2 41.Kd4 Rxb2 42.Kc5 e3
43.g4+ Ke5 {#R} 0-1

[Event "36th Zalakaros Open 2017"]
[Site "Zalakaros HUN"]
[Date "2017.05.24"]
[Round "7.12"]
[White "Sanal,V"]
[Black "Ivic,Velimir"]
[Result "1-0"]
[WhiteElo "2533"]
[BlackElo "2345"]

1.Nf3 g6 2.e4 c5 3.d4 cxd4 4.Qxd4 Nf6 5.e5 Nc6 6.Qa4 Nd5 7.Qe4 Nb6 8.Nc3 Bg7
9.Bg5 d5 10.exd6 Qxd6 11.Bb5 Bf5 12.Qe2 O-O 13.O-O Bg4 14.Rad1 Qc7 15.h3 Bxf3
16.Qxf3 Nd4 17.Qe3 e5 18.Bd3 f6 19.Bh4 Nc4 20.Qc1 Rad8 21.Kh1 g5 22.Bg3 f5
23.f3 Ne6 24.Bf2 a6 25.Rfe1 Nf4 26.Bf1 Qc6 27.Kg1 b5 28.a4 b4 29.Ne2 Ne6
30.Ng3 Rxd1 31.Rxd1 e4 32.b3 Ne5 33.fxe4 fxe4 34.Re1 Rxf2 35.Kxf2 Qb6+ 36.Re3
Nf4 37.Qd2 Nf7 38.Nf5 Bf8 39.Qd7 Ne5 40.Bc4+ Nxc4 41.bxc4 b3 42.cxb3 Qf6
43.Kg1 Qb2 44.Rg3 Qa1+ 45.Kh2 Ne2 46.Rxg5+ Kh8 47.Qa7 Qe5+ 48.g3 Qb2 49.Qf2 h6
50.Rg4 Bc5 51.Ne3 {#r} 1-0